000 00644nam a2200205Ia 4500
005 20260121110024.0
008 008 260114s9999 xx 000 0 hin d
020 _a9788132357582
037 _aEBOOK
040 _aCRL
_bhin
_cCRL
041 _ahin
_2hin
084 _qCRL
100 _aसुरीन भरूचा / Surin Bharucha
_9941093
245 0 _aपशु रोग एवं उपचार / Pashu Rog aur Upchar
260 _bभाषा प्रकाशन / Bhasha Prakashan
_c2021
856 _uhttps://bhashaprakashan.com/product-details/378899
942 _cEBOOK
999 _c1532758
_d1532758